Central Library OPAC University of Rajshahi
Normal view MARC view

Entry Topical Term

Number of records used in: 2

001 - CONTROL NUMBER

  • control field: 16494

003 - CONTROL NUMBER IDENTIFIER

  • control field: BD-RjUL

005 - DATE AND TIME OF LATEST TRANSACTION

  • control field: 20250806171430.0

008 - FIXED-LENGTH DATA ELEMENTS

  • fixed length control field: 250806|| aca||aabn | a|a d

040 ## - CATALOGING SOURCE

  • Original cataloging agency: BD-RjUL
  • Transcribing agency: BD-RjUL

150 ## - HEADING--TOPICAL TERM

  • Topical term or geographic name entry element: Rice
  • Form subdivision: Vitro development
  • General subdivision: Biotechnology

670 ## - SOURCE DATA FOUND

  • Source citation: Work cat.: (BD-RjUL)85457: Zaman, Toyfiquz 16493, In vitro development of salt and heat stress tolerance in rice (oryza satival L.) /, 2024